| 000 | 01446cab a2200277 4500 | ||
|---|---|---|---|
| 001 | ##L132583 | ||
| 008 | 060221n2006 000 0 eng u | ||
| 035 | _a(Sirsi) u132583 | ||
| 041 | 0 | _aeng | |
| 100 | 1 | _aHo, Francis | |
| 245 | 0 | 0 | _aThird way |
| 260 | _c2006 | ||
| 490 | 0 |
_aSolicitors' Journal _v150(5) 10 February 2006, 150-151(2) |
|
| 520 | _aReports on the impact of the Contracts (Rights of Third Parties) Act 1999 on the construction industry. The Act confers rights on a person who is not a party to a contract to enforce contract terms in certain circumstances. Examines some of the reasons why the Act has not been more widely used, and why there is still a general reliance on collateral warranties in the industry. | ||
| 590 | _aIKA280206 | ||
| 650 | 2 | 4 | _aCONTRACTS (RIGHTS OF THIRD PARTIES) ACT 1999 |
| 650 | 2 | 4 | _aDUNLOP PNEUMATIC TYRE CO LTD V SELFRIDGE AND CO LTD |
| 650 | 2 | 4 | _aSHANKLIN PIER COMPANY LTD V DETEL PRODUCTS |
| 650 | 2 | 4 | _aST MARTINS PROPERTY CORPORATION LTD V SIR ROBERT MCALPINE AND SONS LTD |
| 650 | 2 | 4 | _aDARLINGTON BC V WILTSHIER NORTHERN LTD |
| 650 | 2 | 4 | _aLINDEN GARDENS TRUST V LENESTA SLUDGE DISPOSALS |
| 650 | 2 | 4 | _aALFRED MCALPINE CONSTRUCTION LTD V PANATOWN LTD |
| 650 | 2 | 4 | _aMURPHY V BRENTWOOD DC |
| 690 | _aMANAGEMENT-DISPUTE AVOIDANCE, MANAGEMENT AND RESOLUTION-DISPUTE MANAGEMENT AND RESOLUTION-ALTERNATIVE DISPUTE RESOLUTION-ASSISTED NEGOTIATION-THIRD PARTY RESOLVERS | ||
| 942 | _n0 | ||
| 999 |
_c76506 _d76506 |
||